Progress Reports of the Kannada Research Institute for 1953-57 / (Record no. 23525)

MARC details
000 -LEADER
fixed length control field 00597nam a22001697a 4500
003 - CONTROL NUMBER IDENTIFIER
control field BDDh-ASL
005 - DATE AND TIME OF LATEST TRANSACTION
control field 20231015030243.0
008 - FIXED-LENGTH DATA ELEMENTS--GENERAL INFORMATION
fixed length control field 210327s1958 ii ||||| |||| 00| 0 eng d
040 ## - CATALOGING SOURCE
Original cataloging agency BDDh-ASL
Transcribing agency BDDh-ASL
082 ## - DEWEY DECIMAL CLASSIFICATION NUMBER
Classification number 930.1
Item number PRO
110 ## - MAIN ENTRY--CORPORATE NAME
9 (RLIN) 3554
Corporate name or jurisdiction name as entry element Kannada Research Institute, Dharwar.
245 00 - TITLE STATEMENT
Title Progress Reports of the Kannada Research Institute for 1953-57 /
260 ## - PUBLICATION, DISTRIBUTION, ETC.
Place of publication, distribution, etc. Dharwar:
Name of publisher, distributor, etc. Kannada Research Institute,
Date of publication, distribution, etc. 1958.
300 ## - PHYSICAL DESCRIPTION
Extent 77 p. :
Other physical details plates;
Dimensions 26 cm.
650 #0 - SUBJECT ADDED ENTRY--TOPICAL TERM
Topical term or geographic name entry element Archaeology, প্রত্নতত্ত্ব Pratnatattba
General subdivision Reports
Geographic subdivision Kannada
9 (RLIN) 1567
942 ## - ADDED ENTRY ELEMENTS (KOHA)
Source of classification or shelving scheme Dewey Decimal Classification
Koha item type Books
Holdings
Withdrawn status Lost status Source of classification or shelving scheme Damaged status Not for loan Collection code Home library Current library Shelving location Date acquired Source of acquisition Total Checkouts Full call number Barcode Date last seen Copy number Price effective from Koha item type Public note
    Dewey Decimal Classification     Non-fiction Asiatic Society Library Asiatic Society Library General Stacks 03/27/2021 ASB Library Collections   930.1 PRO 107990 03/27/2021 C-1 03/27/2021 Books RARE

Powered by Koha